| 000 | 00359nam a22001457a 4500 | ||
|---|---|---|---|
| 008 | 250524b |||||||| |||| 00| 0 eng d | ||
| 020 | _a8121903483 | ||
| 050 |
_aTA439 _b.S54 |
||
| 100 | _aShetty, M.S. | ||
| 245 | _aConcrete technology | ||
| 260 |
_aNew Delhi _bSichand & compamy ltd _c2004 |
||
| 300 |
_axxv, 525p. _bill. |
||
| 650 | _aConcrete | ||
| 942 | _cBK | ||
| 999 |
_c3661 _d3661 |
||